header

Current management of polycystic ovary syndrome (Record no. 127355)

MARC details
000 -LEADER
fixed length control field 01086nam a2200277Ia 4500
245 00 - TITLE STATEMENT
Title Current management of polycystic ovary syndrome
260 ## - PUBLICATION, DISTRIBUTION, ETC. (IMPRINT)
Place of publication London :
Name of publisher RCOG,
Year of publication 2010.
300 ## - PHYSICAL DESCRIPTION
Number of Pages ix, 227 p. :
Other physical details ill.
650 #0 - SUBJECT ADDED ENTRY--TOPICAL TERM
Topical Term Polycystic ovary syndrome.
Topical Term Ovaries
700 1# - ADDED ENTRY--PERSONAL NAME
Personal name Balen, Adam.
856 40 - ELECTRONIC LOCATION AND ACCESS
Uniform Resource Identifier http://site.ebrary.com/lib/rucke/Doc?id=10491819

No items available.

© 2026 Rongo University
Contact us: librarian | system librarian | Rongo university